000 00939nam a22002417a 4500
005 20230814130744.0
008 230814b ||||| |||| 00| 0 eng d
020 _a9783036577852
020 _a9783036577845
040 _aCO-BoUCM
_cDavid Moreno
_dDavid Moreno
041 _aeng
100 1 _aChang, Fi-John
_9178340
245 1 _aArtificial Intelligence Techniques in Hydrology and Water Resources Management /
_c Fi-John Chang, Li-Chiu Chang, Jui-Fa Chen
260 _aBasel, SW
_bMDPI
_c2023
300 _aix, 289 Paginas
_bilustraciones
504 _aIncluye referencias bibliográficas e índices
650 1 7 _aGestión de Recursos Hídricos
_xInteligencia Artificial
_9178341
650 1 7 _aGestión Sostenible del Agua
_xInteligencia Artificial
_9178342
700 1 _aChang, Li-Chiu
_9178343
700 1 _aChen, Jui-Fa
_9178344
942 _2DEWEY
_a1
_cLIBRO
_e1
_h628.1
_mC456a
_n0
999 _c322981
_d322981